| 000 | 01591nam a2200325 a 4500 | ||
|---|---|---|---|
| 003 | CO-ViMGA | ||
| 005 | 20230915233552.0 | ||
| 008 | 071127s2008 ck a jr 0001jdspa d | ||
| 015 | _ack-2008-xxxx | ||
| 020 | _a9789584506092 | ||
| 040 |
_aCO-ViMGA _bspa _cCO-ViMGA |
||
| 041 | 1 |
_aspa _hger |
|
| 043 | _ae-sz--- | ||
| 082 | 0 | 4 |
_a C WEGs _bW34s _221 ed. |
| 100 | 1 |
_aWegenast, Bettina. _910626 |
|
| 245 | 1 | 0 |
_aSer el lobo / _cBettina Wegenast ; ilustraciones Katharina Bubhoff ; traducción de Olga Martín. |
| 260 | 3 |
_aBogotá : _bGrupo Editorial Norma, _c2008. |
|
| 300 |
_a105 p. : _bil. ; _c20 cm. |
||
| 440 | 0 |
_aColección torre de papel. Torre roja _910627 |
|
| 520 | 3 | _aEste libro trata de que el lobo ha muerto,Las ovejas y los cerdos están muy contentos y festejan en la pradera, pero pronto surge la pregunta: {Y ahora quién será el lobo? La oveja Kale se siente responsable de ocuparse de este asunto, en nombre de todos los animales. Después de todo, {qué tan difícil puede ser asustar a sus amigos de vez en cuando? Kale decide entonces presentar una solicitud para este trabajo, vestirse con la piel del lobo y empezar a espantar a toda la región. | |
| 521 | _aPara niños de 7 años en adelante. | ||
| 534 |
_pTítulo original : _tWolf sein. |
||
| 650 | 1 | 4 |
_aCuentos infantiles suizos. _910628 |
| 650 | 1 | 4 |
_aLobos _v Cuentos infantiles. _92068 |
| 650 | 1 | 4 |
_aOvejas _v Cuentos infantiles. _910629 |
| 700 | 1 |
_aBubhoff, Katharina, _eil. _910631 |
|
| 700 | 1 |
_aMartín, Olga, _etr. _910630 |
|
| 942 |
_2ddc _cBK _hC WEGs |
||
| 949 |
_an _bn |
||
| 999 |
_c36806 _d36806 |
||